[Event "IECG TE.2001.P.00818 email"]
[Site "IECG email"]
[Date "2001.10.05"]
[Round "?"]
[White "Baroin, Bernard"]
[Black "Bleyen, Joris"]
[Result "1-0"]
[WhiteElo "2037"]
[BlackElo "800"]
[PlyCount "49"]
[EventDate "2001.10.05"]
[EventType "tourn (corr)"]
[EventRounds "12"]
[SourceTitle "Corr 2008"]
[Source "ChessBase"]
[SourceDate "2008.06.24"]
[SourceVersion "1"]
[SourceVersionDate "2008.06.24"]
[SourceQuality "1"]

1. e4 d6 2. d4 Nf6 3. Nc3 g6 4. Nf3 Bg7 5. Be3 0-0 6. Qd2 Bg4 7. Ng5 Bd7 8. h3 Bh6 9. Nxh7 Nxe4 10. Nxe4 Bxe3 11. Qxe3 Kxh7 12. h4 Kg7 13. h5 Rh8 14. h6+ Kg8 15. Bc4 Nc6 16. 0-0-0 e6 17. h7+ Kf8 18. Qh6+ Ke7 19. Qf4 Qf8 20. Qf6+ Ke8 21. Ng5 Nd8 22. Rde1 Bc8 23. d5 c6 24. Ne4 Kd7 25. dxe6+ 1-0

[Event "IECG TE.2001.P.00818 email"]
[Site "IECG email"]
[Date "2001.10.05"]
[Round "?"]
[White "Bleyen, Joris"]
[Black "Baroin, Bernard"]
[Result "0-1"]
[WhiteElo "800"]
[BlackElo "2037"]
[PlyCount "46"]
[EventDate "2001.10.05"]
[EventType "tourn (corr)"]
[EventRounds "12"]
[SourceTitle "Corr 2008"]
[Source "ChessBase"]
[SourceDate "2008.06.24"]
[SourceVersion "1"]
[SourceVersionDate "2008.06.24"]
[SourceQuality "1"]

1. e4 d6 2. d4 Nf6 3. Nc3 g6 4. Nf3 Bg7 5. Be3 0-0 6. Qd2 e5 7. dxe5 dxe5 8. 0-0-0 Qe7 9. Bg5 c6 10. h3 b5 11. a3 a5 12. Qd6 Qe6 13. Nxe5 b4 14. Bc4 Qxd6 15. Rxd6 Be6 16. Bxe6 fxe6 17. Bxf6 Bxf6 18. Rxe6 bxc3 19. bxc3 Bg5+ 20. Kb2 Rxf2 21. h4 Bd8 22. h5 gxh5 23. Rxh5 Ra7 0-1

[Event "IECG TE.2001.P.00818 email"]
[Site "IECG email"]
[Date "2001.10.05"]
[Round "?"]
[White "Bleyen, Joris"]
[Black "Sandehn, Kenth"]
[Result "0-1"]
[WhiteElo "800"]
[BlackElo "2144"]
[PlyCount "78"]
[EventDate "2001.10.05"]
[EventType "tourn (corr)"]
[EventRounds "12"]
[SourceTitle "Corr 2008"]
[Source "ChessBase"]
[SourceDate "2008.06.24"]
[SourceVersion "1"]
[SourceVersionDate "2008.06.24"]
[SourceQuality "1"]

1. e4 d6 2. d4 Nf6 3. Nc3 g6 4. Nf3 Bg7 5. Be3 0-0 6. Qd2 e5 7. dxe5 dxe5 8. 0-0-0 Qe7 9. Bg5 Nbd7 10. Nd5 Qd6 11. Nxf6+ Nxf6 12. Qxd6 cxd6 13. Bxf6 Bxf6 14. Rxd6 Be6 15. Bb5 Rad8 16. Rhd1 Rxd6 17. Rxd6 Be7 18. Rd3 f6 19. a3 Bc5 20. Rd2 Bb6 21. Bd7 Bf7 22. Bg4 Re8 23. b3 Re7 24. c4 a5 25. a4 h5 26. Bh3 Kg7 27. Ne1 Be8 28. Nd3 Ba7 29. Re2 Bd4 30. f3 Bg1 31. g3 Bc6 32. Kd2 Re8 33. c5 Kf7 34. Kc1 Ke7 35. Kc2 Rd8 36. Rd2 Rb8 37. Rg2 Bd4 38. Re2 b6 39. cxb6 Rxb6 0-1

[Event "IECG CP.P.00059 email"]
[Site "IECG email"]
[Date "2001.10.01"]
[Round "?"]
[White "Miletic, Arsen"]
[Black "Bleyen, Joris"]
[Result "1-0"]
[WhiteElo "1700"]
[BlackElo "800"]
[PlyCount "77"]
[EventDate "2001.10.01"]
[EventType "tourn (corr)"]
[EventRounds "6"]
[SourceTitle "Corr 2008"]
[Source "ChessBase"]
[SourceDate "2008.06.24"]
[SourceVersion "1"]
[SourceVersionDate "2008.06.24"]
[SourceQuality "1"]

1. e4 e5 2. Nf3 Nf6 3. d4 Nxe4 4. Bd3 d5 5. Nxe5 c5 6. Bb5+ Bd7 7. Nxd7 Qa5+ 8. Nd2 Qxb5 9. Nxf8 Nxd2 10. Nxh7 Rxh7 11. Qxd2 Rh4 12. f4 cxd4 13. Qxd4 Nc6 14. Qd3 Qb4+ 15. c3 Qe7+ 16. Kf2 0-0-0 17. Qf5+ Kb8 18. Qg5 Qxg5 19. fxg5 Ne5 20. g3 Re4 21. Bf4 Kc8 22. Bxe5 Rxe5 23. h4 d4 24. cxd4 Rxd4 25. Rhd1 Red5 26. Rxd4 Rxd4 27. Rf1 Kd8 28. Ke3 Rd7 29. h5 Re7+ 30. Kf3 Re5 31. Kg4 Ke7 32. h6 gxh6 33. gxh6 Re6 34. Rh1 Rg6+ 35. Kf5 Rg8 36. h7 Rh8 37. Kg5 f5 38. Kg6 Kf8 39. Kf6 1-0